000 01341nam0a22003131 4500
001 rc\3266840
005 20130115143930.9
021 _aRU
_b[73-15422]
035 _a(NLR Aleph) 007486401
090 _a7571033
_c7571033
100 _a20130115d1973 |||y0rusy50 ca
101 0 _arus
102 _aRU
105 _ay j |||||
200 1 _aУчебно-методические материалы к изучению журналистики
_e(Для слушателей отд-ния работников печати)
_fЗаоч. высш. парт. школа при ЦК КПСС
210 _aМосква
_cМысль
_d1973
215 _a254 с.
_d20
300 _aНа обороте тит. л. авт.: доценты А.К. Белков, М.А. Гуриев, А.М. Жигулев и др.
320 _aСписки лит. в тексте
606 _aЖурналистика
_jПособия для заочников
_2psbo
701 1 _aГуриев
_bМ.
_gМ.Л
701 1 _aБелков
_bА. К.
_gАлександр Константинович
701 1 _aЖигулев
_bА. М.
712 0 2 _aЗаочная высшая партийная школа
_cМосква
_3RU\NLR\AUTH\8810151452
801 0 _aRU
_bNLR
_gpsbo
801 1 _aRU
_bELAR
_2rusmarc
852 _aNLR
_j73-3/273
942 _cBOOK
980 _aNB